Women, Violence and Nonviolent Change (Record no. 3542)

MARC details
000 -LEADER
fixed length control field 00589nam a22002057a 4500
003 - CONTROL NUMBER IDENTIFIER
control field OSt
005 - DATE AND TIME OF LATEST TRANSACTION
control field 20191127112824.0
008 - FIXED-LENGTH DATA ELEMENTS--GENERAL INFORMATION
fixed length control field 160414b xxu||||| |||| 00| 0 eng d
020 ## - INTERNATIONAL STANDARD BOOK NUMBER
International Standard Book Number 9782825411698
040 ## - CATALOGING SOURCE
Transcribing agency 040a
082 ## - DEWEY DECIMAL CLASSIFICATION NUMBER
Classification number 305.4 WOM 1996
100 ## - MAIN ENTRY--PERSONAL NAME
Personal name Edited by Aruna, Gnanadason; Musimbi, Kanyoro; Lucia, Ann McSpadden
9 (RLIN) 13097
245 ## - TITLE STATEMENT
Title Women, Violence and Nonviolent Change
260 ## - PUBLICATION, DISTRIBUTION, ETC. (IMPRINT)
Place of publication, distribution, etc. Uppsala;
Name of publisher, distributor, etc. Life and peace institute,
Date of publication, distribution, etc. 1996
300 ## - PHYSICAL DESCRIPTION
Extent xiii, 146p;
Dimensions 8 cm
504 ## - BIBLIOGRAPHY, ETC. NOTE
Bibliography, etc Includes index
650 ## - SUBJECT ADDED ENTRY--TOPICAL TERM
Topical term or geographic name as entry element Women
9 (RLIN) 2107
650 ## - SUBJECT ADDED ENTRY--TOPICAL TERM
Topical term or geographic name as entry element Violence
9 (RLIN) 7463
942 ## - ADDED ENTRY ELEMENTS (KOHA)
Source of classification or shelving scheme Dewey Decimal Classification
Koha item type Short Loan
Holdings
Withdrawn status Lost status Source of classification or shelving scheme Damaged status Not for loan Home library Current library Date acquired Source of acquisition Inventory number Total Checkouts Full call number Barcode Date last seen Koha item type Price effective from
    Dewey Decimal Classification     MUST Main Library MUST Main Library 14/04/2016 Purchase 06/27210   305.4 WOM 1996 2016-0884 14/04/2016 Short Loan  
    Dewey Decimal Classification     MUST Main Library MUST Main Library 30/06/2016 Purchase 06/ 27208   305.4 WOM 1996 2016-2887 30/06/2016 Open Shelf  
    Dewey Decimal Classification     MUST Main Library MUST Main Library 23/07/2024 Purchase 2006/27211   305.4 WOM 1996 2024-22115 23/07/2024 Open Shelf 23/07/2024